Meiji Taishō bungaku zenshū. Dai 9-kan /

Disimpan dalam:
Butiran Bibliografi
Pengarang Utama: Hirotsu, Ryūrō, 1861-1928.
Pengarang-pengarang Lain: Hirotsu, Kazuo, 1891-1968.
Format: Buku
Bahasa:Japanese
Diterbitkan: Tōkyō : Shunʾyōdō, Shōwa 5 [1930]
Subjek-subjek:
Penanda-penanda: Tambah Penanda
Tiada Penanda, Jadilah orang pertama menanda rekod ini!
LEADER 01881nam a2200325ui 4500
001 007787544-3
005 20024617121422.0
008 920416s1930 ja c 000 0 jpn d
035 0 |a ocm33847126 
040 |a *LWU*  |b jpn  |c *LWU*  |d OCoLC  |d *YNH*  |d CStRLIN 
100 1 |6 880-01  |a Hirotsu, Ryūrō,  |d 1861-1928. 
245 1 0 |6 880-02  |a Meiji Taishō bungaku zenshū.  |n Dai 9-kan /  |c Hirotsu Ryūrō, Hirotsu Kazuo cho. 
260 |6 880-03  |a Tōkyō :  |b Shunʾyōdō,  |c Shōwa 5 [1930] 
300 |a 546 p. :  |b port. ;  |c 20 cm. 
500 |6 880-04  |a Hibaihin. 
500 |6 880-05  |a Chosha no shōzō ari. 
505 0 |6 880-06  |a Hirotsu Ryūrō hen: Ame -- Kawachiya -- Imado shinchū -- Murasaki zukin -- Futari yamone -- Henmokuden -- Hone nusumi -- Hana chiru koro -- Yōji -- Meguro komachi -- Hirotsu Kazuo hen: Nami no ue -- Honmura-chō no ie -- Morozakiyuki -- Yūgijō -- Kakureya -- Ikite yuku -- Shōsha haisha -- Hirotsu Ryūrō, Hirotsu Kazuo nenpu: p. 541-546. 
650 0 |a Japanese literature  |y Shōwa period, 1926-1989. 
650 0 |a Japanese literature  |y Taishō period, 1912-1926. 
700 1 |6 880-07  |a Hirotsu, Kazuo,  |d 1891-1968. 
880 1 |6 100-01  |a 廣津柳浪,  |d 1861-1928. 
880 1 0 |6 245-02  |a 明治大正文學全集.  |n 第9卷 /  |c 廣津柳浪, 廣津和郎著. 
880 |6 260-03  |a 東京 :  |b 春陽堂,  |c 昭和5 [1930] 
880 |6 500-04  |a 非賣品. 
880 |6 500-05  |a 著者の肖像あり. 
880 0 |6 505-06  |a 廣津柳浪篇: 雨 -- 河內屋 -- 今戶心中 -- 紫被布 -- 二人やもめ -- 變目傳 -- 骨ぬすみ -- 花ちる頃 -- 幼時 -- 目黒小町 -- 廣津和郎篇: 波の上 -- 本村町の家 -- 師崎行 -- 遊戯場 -- 隱れ家 -- 生きて行く -- 勝者敗者 -- 廣津柳浪, 廣津和郎年譜: p. 541-546. 
880 1 |6 700-07  |a 廣津和郎,  |d 1891-1968. 
886 2 |2 jpnmarc  |a 677  |b 918.6 
988 |a 20021220 
906 |0 OCLC